| 000 | 00625nab a2200205 a 4500 | ||
|---|---|---|---|
| 005 | 20210219155124.0 | ||
| 008 | 991125s1985 mx 000 0 spa u | ||
| 035 | _aUPN01000138936 | ||
| 100 | 1 | _aBlanco López, Angel | |
| 222 | _aREVISTA DE EDUCACION | ||
| 245 | _aUn esquema para investigar el progreso en la comprensión de los alumnos sobre la naturaleza de la materia | ||
| 260 | _aMadrid, España | ||
| 300 | _a445-465 | ||
| 362 | 0 | _a2004 No. 335, sept.-dic. | |
| 653 | 0 | _aDOMINIO ESPECIFICO | |
| 653 | 0 | _aMAPA DEL DOMINIO | |
| 653 | 0 | _aTEORIAS | |
| 700 | 0 |
_aPRIETO RUZ, Teresa, _ecoaut. |
|
| 905 | _aArticulo | ||
| 999 |
_c111084 _d111084 |
||